000 00707nam a2200229 a 4500
005 20140310183448.0
008 081127s19uu xx 00 eng d
020 _a9780470510728
050 _aHD 62.4
_b.M3655 2007
245 _aManaging complexity in global organizations /
260 _aEngland :
_bJohn Wiley & Sons, Ltd,
_c2007.
300 _a283 p. :
_bill. ;
_c22 cm.
521 _aBSBA
650 _aInternational business enterprises
_xManagement.
650 _aCorporate culture.
650 _aTechnological innovations
_xManagement.
650 _aBusiness logictics
_xManagement.
700 _aAmann, Wolfgang
700 _aMaznevski, Martha
942 _cBK
_2lcc
_kFOR
999 _c23304
_d23304